000 02146cam a22006853a 4500
001 14167864
003 OSt
005 20140410091344.0
008 050610s2005 nyu c 000 1 eng d
010 _a 2005577360
020 _a0439653681 (pbk.)
020 _a0439653681
020 _a0439653665
020 _a0439425115
020 _a0439425093
020 _a0439425085
020 _a04369130352
035 _a(OCoLC)ocm60590824
040 _aBKX
_cBKX
_dBAKER
_dEHH
_dIH3
_dDLC
042 _alccopycat
043 _an-us-va
050 0 0 _aPZ 7
_b.B78973 2001
100 1 _aBrooke, Lauren.
_922844
245 1 0 _aHeartland /
_cby Lauren Brooke.
260 _aNew York :
_bScholastic,
_cc2005.
300 _a179 p. ;
_c20 cm.
440 _aOne day you'll know
_n#6
_925010
440 _aDarkest Hour
_n#13
_925011
440 _aEverything changes
_n#14
_925012
440 _aHolding Fast
_n#16
_925013
440 _aNew Beginnings
_n#18
_925014
440 _aAlways there
_n#20
_925015
490 0 _aA Working Partners series
490 1 _aHeartland ;
_v20
521 1 _aG5
526 _c600-700
650 0 _aAnimal welfare
_vJuvenile fiction.
_925016
650 0 _aHorses
_xTraining
_vJuvenile fiction.
_925017
650 0 _aHorse farms
_vJuvenile fiction.
_925018
650 0 _aHeartland (Va. : Imaginary place)
_vJuvenile fiction.
_925019
650 1 _aAnimals
_xTreatment
_vFiction.
_925020
650 1 _aHorses
_xTraining
_vFiction.
_925021
650 1 _aHorse farms
_vFiction.
_925022
650 1 _aHeartland (Va. : Imaginary place)
_vFiction.
_925023
651 0 _aVirginia
_vJuvenile fiction.
_925024
651 1 _aVirginia
_vFiction.
_925025
655 7 _aChildren's stories.
_2lcsh
_93012
710 2 _aCopyright Paperback Collection (Library of Congress)
_5DLC
_9705
800 1 _aBrooke, Lauren.
_tHeartland ;
_v20.
_925026
906 _a7
_bcbc
_ccopycat
_d2
_encip
_f20
_gy-genrareb
942 _2lcc
_cBK
999 _c33268
_d33268